| 000 | 00600nam a2200205Ia 4500 | ||
|---|---|---|---|
| 005 | 20260429112156.0 | ||
| 008 | 260429s9999||||xx |||||||||||||| ||und|| | ||
| 020 | _a9789819808076 | ||
| 041 | _aEnglish | ||
| 082 |
_a330 _bZHO |
||
| 100 | _aZhou, Chunsheng | ||
| 245 | 0 |
_aNew dual economy : _bnew economic prosperity and the reengineering of the traditional economy / _cChunsheng Zhou |
|
| 250 | _a1st ed. | ||
| 260 |
_aNew Jersey : _bWorld Scientific, _c2025. |
||
| 300 | _axv, 201 p.; hb | ||
| 650 | _a Traditional economy | ||
| 650 | _aEconomy | ||
| 700 | _a Wang, Zhiliang | ||
| 942 | _cTB | ||
| 999 |
_c52733 _d52733 |
||